Statystyki dla Rozpoznaj zagranicznego aktora po najsłynniejszym filmie

Kliknij tutaj aby rozwiązać quiz!

Ogólne statystyki

  • Ten quiz został rozwiązany 374 razy
    (281 od ostatniego zresetowania)
  • Średni wynik to 42 z 146

Statystyki odpowiedzi

FilmRokAktor% Poprawnych
Forrest Gump1994Tom Hanks
82%
Incepcja2010Leonardo DiCaprio
77%
Rambo: Pierwsza krew1982Sylvester Stallone
77%
Bękarty wojny2010Brad Pitt
76%
Faceci w czerni1997Will Smith
75%
Taksówkarz1976Robert De Niro
73%
Indiana Jones i poszukiwacze zaginionej Arki1981Harrison Ford
69%
Iron Man2008Robert Downey Jr.
69%
Siedem1995Morgan Freeman
68%
Piraci z Karaibów: Na krańcu świata2007Johnny Depp
65%
John Wick2014Keanu Reeves
65%
Człowiek z blizną1983Al Pacino
64%
Truman Show1998Jim Carrey
63%
Terminator1984Arnold Schwarzenegger
62%
Szklana Pułapka1988Bruce Willis
60%
Buntownik bez powodu1955James Dean
59%
Braveheart1995Mel Gibson
59%
Gliniarz z Beverly Hills1984Eddie Murphy
58%
Lśnienie1980Jack Nicholson
58%
Kevin sam w domu1990Macaulay Culkin
58%
Pulp Fiction1994Samuel L. Jackson
58%
Milczenie owiec1991Anthony Hopkins
56%
Gorączka sobotniej nocy1977John Travolta
56%
Thor2011Chris Heamsworth
55%
Szybcy i Wściekli2001Vin Diesel
55%
Ojciec Chrzestny1972Marlon Brando
54%
Leon Zawodowiec1994Jean Reno
53%
Hobbit: Niezwykła Podróż2012Martin Freeman
53%
Stowarzyszenie Umarłych Poetów1989Robin Williams
53%
Harry Potter i kamień filozoficzny2001Daniel Radcliffe
52%
Na noże2019Daniel Craig
50%
Jumanji: Przygoda w dżungli2017Dwayne Johnson
50%
Kapitan Ameryka: Pierwsze starcie2011Chris Evans
47%
Dobry, zły i brzydki1968Clint Eastwood
47%
Urodzony 4 lipca1989Tom Cruise
47%
Pianista2002Adrien Brody
46%
Deadpool2016Ryan Reynolds
46%
Podziemny krąg1999Edward Norton
45%
Joker2019Joaquin Phoenix
45%
American Psycho2000Christian Bale
44%
Gladiator2000Russel Crowe
44%
Kasyno1995Joe Pesci
42%
Logan. Wolverine2017Hugh Jackman
41%
Bodyguard1992Kevin Costner
41%
Imię róży1986Sean Connery
41%
Lista Schindlera1993Liam Neeson
39%
Mad Max: Na drodze gniewu2015Tom Hardy
39%
Mroczny Rycerz2008Heath Ledger
38%
Blade Runner 20492017Ryan Gosling
37%
Strażnicy Galaktyki2014Chris Pratt
35%
Wiedźmin2019Henry Cavill
35%
Jestem Bogiem2011Bradley Cooper
33%
Mistrz kierownicy1977Burt Reynolds
33%
Władca Pierścieni: Powrót Króla2003Viggo Mortensen
32%
Nagi instynkt1992Michael Douglas
31%
Skazani na Shawshank1994Tim Robbins
30%
Ścigany1993Tommy Lee Jones
30%
El Camino: Film 'Breaking Bad'2019Aaron Paul
29%
Historia Małżeńska2019Adam Driver
29%
Django2012Jamie Foxx
29%
Grand Budapest Hotel2014Ralph Fiennes
29%
Bliźniacy1988Danny DeVito
28%
Spartakus1960Kirk Douglas
28%
Harry Potter i Insygnia Śmierci cz.22011Alan Rickman
27%
Brzdąc1921Charlie Chaplin
27%
American Gangster2007Denzel Washington
27%
Gwiezdne Wojny: Zemsta Sithów2005Ewan McGregor
27%
Czas mroku2017Gary Oldman
27%
Kickboxer1989Jean-Claude Van Damme
26%
Rain Man1988Dustin Hoffman
25%
Birdman2014Michael Keaton
25%
Pogromcy duchów1984Bill Murray
24%
Gwiezdne Wojny: Nowa Nadzieja1977Mark Hamill
23%
Spectre2015Christoph Waltz
22%
Aż poleje się krew2008Daniel Day-Lewis
22%
Władca Pierścieni: Drużyna Pierścienia2001Ian McKellen
22%
Mucha1986Jeff Goldblum
22%
Ucieczka z Nowego Jorku1981Kurt Russel
22%
Butch Cassidy i Sundance Kid1969Robert Redford
21%
Obywatel Milk2008Sean Penn
21%
Breaking Bad2008Bryan Cranston
20%
Wolny strzelec2014Jake Gyllenhaal
20%
To nie jest kraj dla starych ludzi2007Javier Bardem
20%
The Social Network2010Jesse Eisenberg
20%
Żądło1973Paul Newman
20%
Avengers: Wojna bez granic2018Josh Brolin
19%
Król Lew *głos*1994James Earl Jones
18%
Pluton1986Charlie Sheen
17%
Piraci z Karaibów: Klątwa Czarnej Perły2003Geoffrey Rush
17%
12 gniewnych ludzi1957Henry Fonda
17%
Witaj w klubie2013Matthew McConaughey
17%
Creed: Narodziny legendy2015Michael B. Jordan
17%
Łowca jeleni1978Christopher Walken
16%
Zabójcza Broń1987Danny Glover
16%
X-men2000Patrick Stewart
16%
Zaginiony w akcji1984Chuck Norris
15%
Ostatni król Szkocji2006Forest Whitaker
15%
K-91989James Belushi
15%
Okno na podwórze1954James Stewart
15%
Blues Brothers1980John Belushi
15%
Bad Boys1995Martin Lawrence
15%
Święci z Bostonu1999Willem Dafoe
14%
Sicario2015Benicio del Toro
13%
Evan Wszechmogący2007Steve Carell
13%
Urodzeni mordercy1994Woody Harrelson
13%
Mumia1999Brender Fraser
12%
V jak Vendetta2005Hugo Weaving
12%
Głupi i głupszy1994Jeff Daniels
12%
Matrix1999Laurence Fishburne
12%
Północ - Północny Zachód1959Cary Grant
11%
Życzenie śmierci1974Charles Bronson
11%
Powrót do przyszłości1985Christopher Lloyd
11%
Łowca Androidów1982Rutger Hauer
11%
Shazam!2019Zachary Levi
11%
Psychoza1960Anthony Perkins
9%
Garsoniera1960Jack Lemmon
9%
Boogie Nights1997Mark Wahlberg
9%
Szczęki1975Roy Scheider
9%
Park Jurajski1993Sam Neill
9%
Nieoczekiwana zmiana miejsc1983Dan Aykroyd
8%
Artur1981Dudley Moore
8%
Komandosi z Navarony1978Robert Shaw
8%
Kevin sam w Nowym Jorku1992Daniel Stern
7%
Piraci z Karaibów: Skrzynia Umarlaka2006Bill Nighy
6%
MASH1970Donald Sutherland
6%
Przylądek strachu1991Nick Nolte
6%
Dom z papieru2017Pedro Alonso
6%
Pół żartem, pół serio1959Tony Curtis
6%
Wyrok w Norymberdze1961Burt Lancaster
5%
Dźwięki muzyki1965Christopher Plummer
5%
Gwiezdne Wojny: Powrót Jedi1983Ian McDiarmid
5%
Noc myśliwego1955Robert Mitchum
5%
Czarny dzień w Black Rock1955Spencer Tracy
5%
Nocny kowboj1969Jon Voight
4%
Wspaniała przygoda Billa i Teda1989Alex Winter
3%
Rocky1976Carl Weathers
3%
Najlepsze lata naszego życia1946Fredric March
3%
Wujaszek Buck1989John Candy
3%
Parszywa Dwunastka1967Lee Marvin
3%
Ucieczka w kajdanach1958Sidney Poitier
3%
Pieskie popołudnie1975John Cazale
2%
Stąd do wieczności1953Montgomery Clift
2%
Bliskie spotkania trzeciego stopnia1977Richard Dreyfuss
2%
The Banker2020Anthony Mackie
1%
Nieustraszeni pogromcy wampirów1967Jack MacGowran
1%
Shaft1971Richard Roundtree
0%

Rozkład punktacji

Percentyl według liczby udzielonych odpowiedzi

Procent ludzi z każdym wynikiem

Twoja historia wyników

Nie rozwiązałeś tego quizu od ostatniego zresetowania